[Event "TCh-SRB w"]
[Site "Pozarevac SRB"]
[Date "2009.09.18"]
[Round "5"]
[White "Bojovic,J"]
[Black "Zivkovic,Ves"]
[Result "0-1"]
[WhiteElo "1878"]
[BlackElo "2122"]

1.e4 c5 2.Nf3 d6 3.d4 cxd4 4.Nxd4 Nf6 5.Nc3 a6 6.f3 e6 7.Be3 Be7 8.Qd2 Qc7
9.O-O-O Nc6 10.Nb3 Ne5 11.Na4 b5 12.Nb6 Rb8 13.Nxc8 Rxc8 14.Qf2 Nfg4 15.fxg4 Nxg4
16.Qe2 Nxe3 17.Rd2 Nxf1 18.Rxf1 Bg5 19.Nd4 Bxd2+ 20.Qxd2 O-O 21.h4 Qc4 22.Rf3 b4
23.Kb1 a5 24.h5 h6 25.g4 Rc5 26.Qf2 Re5 27.Rf4 d5 28.exd5 Qxd5 29.b3 Re4
30.Rxe4 Qxe4 31.Nb5 Qxg4 32.Qc5 Rd8 33.Qe5 Rd1+  0-1

[Event "Uxbridge Congress Open"]
[Site "Uxbridge ENG"]
[Date "2009.09.20"]
[Round "4"]
[White "Stone,A ENG"]
[Black "Hunt,D"]
[Result "1/2-1/2"]
[WhiteElo "2232"]
[BlackElo "2004"]

1.e4 c5 2.Nf3 d6 3.d4 cxd4 4.Nxd4 Nf6 5.Nc3 a6 6.f3 e5 7.Nb3 Be7 8.Be3 Be6
9.Qd2 O-O 10.O-O-O a5 11.Bb5 Nbd7 12.g4 Rc8 13.g5 Ne8 14.h4 Nc7 15.Kb1 Nxb5
16.Nxb5 Rc6 17.Nc3 a4 18.Nxa4 Qa8 19.Nc3 Rfc8 20.Nd5 Bxd5 21.exd5 Rxc2 22.Qxc2 Rxc2
23.Kxc2 Qa6 24.Rh2 b6 25.Kb1 f5 26.Rc2 Nc5 27.Nxc5 bxc5 28.b3 f4 29.Bf2 Qb7
30.Kb2 h6 31.gxh6 gxh6 32.Be1 Bf6 33.Kb1  1/2-1/2

[Event "18th TCh-CRO b"]
[Site "Sibenik CRO"]
[Date "2009.09.22"]
[Round "2"]
[White "Njirjak,J"]
[Black "Bender,I"]
[Result "0-1"]
[WhiteElo "2381"]
[BlackElo "2275"]

1.e4 c5 2.Nc3 a6 3.Nf3 d6 4.d4 cxd4 5.Nxd4 Nf6 6.f3 e5 7.Nb3 Be7 8.Be3 O-O
9.Qd2 Be6 10.O-O-O Nbd7 11.g4 b5 12.Rg1 b4 13.Nd5 Bxd5 14.exd5 Qc7 15.g5 Nh5
16.Qxb4 a5 17.Qc4 Qb8 18.Qb5 a4 19.Qxb8 Rfxb8 20.Nd2 Bd8 21.Nc4 Bc7 22.Bh3 Nb6
23.Nxb6 Bxb6 24.Bxb6 Rxb6 25.Bd7 Rb4 26.a3 Rh4 27.Rd2 Ra5 28.Rg4 Rxg4 29.fxg4 Nf4
30.c4 Nh3 31.Kc2 Nxg5 32.Re2 Nf3 33.Kc3 g6 34.Rf2 e4 35.Kb4 Ra7 36.Bxa4 Ne1
37.Bc2 Nxc2+ 38.Rxc2 f5 39.gxf5 gxf5 40.Kc3 Kf7 41.Kd4 Kf6 42.Rg2 Ra8 43.h4 Re8
44.Rg3 h6 45.h5 f4 46.Rg6+ Kf7 47.Re6 f3 48.Rxe8 f2 49.Rxe4 f1=Q 50.Re6 Qd1+
51.Kc3 Qxh5 52.Kb4 Qh2 53.b3 h5 54.Kb5 Qg3 55.b4 h4 56.c5 dxc5 57.bxc5 Qd3+
58.Kc6 Qa6+ 59.Kd7 Qa7+ 60.Kd6 Qxa3  0-1

[Event "USCL 2009"]
[Site "ICC INT"]
[Date "2009.09.23"]
[Round "4"]
[White "Schneider,Dm"]
[Black "Zaikov,O"]
[Result "0-1"]
[WhiteElo "2483"]
[BlackElo "2385"]

1.e4 c5 2.Nf3 d6 3.d4 cxd4 4.Nxd4 Nf6 5.Nc3 a6 6.f3 e6 7.Be3 b5 8.g4 Bb7
9.Qd2 Nfd7 10.O-O-O Nb6 11.Bg5 Qd7 12.Bd3 Nc6 13.Nxc6 Qxc6 14.Rhe1 Rc8 15.Kb1 Nc4
16.Bxc4 Qxc4 17.Re3 b4 18.Ne2 h5 19.h3 hxg4 20.hxg4 Rh2 21.Rd3 e5 22.Rc1 a5
23.b3 Qe6 24.c4 bxc3 25.Rdxc3 f6 26.Rxc8+ Bxc8 27.Qxa5 fxg5 28.Qa8 Kd8 29.Nc3 d5
30.Nxd5 Qa6 31.Qxa6 Bxa6 32.Rd1 Be2 33.Rd2 Rh1+ 34.Kb2 Bxf3 35.Nb6+ Kc7 36.Nc4 Bb4
37.Rf2 Bxe4 38.Nxe5 Rb1+  0-1

[Event "18th TCh-CRO b"]
[Site "Sibenik CRO"]
[Date "2009.09.27"]
[Round "7"]
[White "Jakic,I"]
[Black "Bender,I"]
[Result "1-0"]
[WhiteElo "2406"]
[BlackElo "2275"]

1.e4 c5 2.Nc3 a6 3.Nf3 d6 4.d4 cxd4 5.Nxd4 Nf6 6.f3 e5 7.Nb3 Be7 8.Be3 O-O
9.Qd2 Be6 10.O-O-O Nbd7 11.g4 b5 12.g5 b4 13.Ne2 Ne8 14.f4 a5 15.f5 a4 16.fxe6 axb3
17.exf7+ Rxf7 18.cxb3 Rxa2 19.Ng3 Ra1+ 20.Kc2 Rxd1 21.Kxd1 Rf8 22.Bc4+ Kh8
23.Nf5 g6 24.Nxe7 Qxe7 25.Kc2 Nc5 26.Bxc5 dxc5 27.Rd1 h6 28.h4 hxg5 29.hxg5 Ng7
30.Qd6 Rf2+ 31.Kb1 Qxd6 32.Rxd6 Nh5 33.Rxg6 Nf4 34.Rg8+ Kh7 35.Re8 Ng6 36.Rc8 Rg2
37.Rxc5 Rxg5 38.Rb5 Rg1+ 39.Ka2 Re1 40.Rxb4 Nf4 41.Ra4 Kg7 42.b4 Kf6 43.b5 Ke7
44.b6 Kd6 45.Rb4 Kc5 46.b7 Kxb4 47.b8=Q+ Kxc4 48.Qb3+  1-0

[Event "74th ch-ESP Absoluto"]
[Site "Palma de Mallorca ESP"]
[Date "2009.10.01"]
[Round "6"]
[White "Cerdo Fernandez,M"]
[Black "Lechado Artigues,P"]
[Result "1/2-1/2"]
[WhiteElo "1921"]
[BlackElo "2110"]

1.e4 c5 2.Nf3 d6 3.d4 cxd4 4.Nxd4 Nf6 5.Nc3 a6 6.f3 e5 7.Nb3 Be6 8.Be3 Be7
9.Qd2 Nbd7 10.O-O-O b5 11.g4 O-O 12.g5 Ne8 13.h4 Nb6 14.Kb1 Nc4 15.Bxc4 bxc4
16.Nc1 Nc7 17.h5 Nb5 18.N1e2 Qc7 19.g6 fxg6 20.hxg6 hxg6 21.Nd5 Qb7 22.Nec3 Nxc3+
23.Qxc3 Rxf3 24.Rhg1 Bd8 25.Rxg6 Bxd5 26.Rxd6 Bg5 27.R6xd5 Rxe3 28.Qxc4 Qf7
29.Qc6 Re8 30.Rd7 Re7 31.Rd8+ Kh7 32.Qc8 Re6 33.Rf8 Qe7 34.a3 Bh6 35.Rg1 Bg5
36.Rxg5 Qxg5 37.Qxe6 Rxe4 38.Qg8+ Kh6 39.Rf7 Qg6 40.Qh8+ Qh7 41.Qa8 Re1+
42.Ka2 Qxc2 43.Qxa6+ Kh7 44.Qe6 Qb1+  1/2-1/2

[Event "1st Francophone Festival"]
[Site "Arvier ITA"]
[Date "2009.10.03"]
[Round "9"]
[White "Chiarotto,F"]
[Black "Saint Amand,P"]
[Result "1/2-1/2"]
[WhiteElo "2053"]
[BlackElo "2131"]

1.e4 c5 2.Nf3 d6 3.d4 cxd4 4.Nxd4 Nf6 5.Nc3 a6 6.f3 e5 7.Nb3 Be7 8.Be3 Be6
9.Qd2 Nbd7 10.O-O-O Qc7 11.g4 Rc8 12.Kb1 Nb6 13.Qf2 Nc4 14.Bxc4 Bxc4 15.h4 Nd7
16.Nd5 Bxd5 17.Rxd5 O-O 18.g5 f5 19.Qe2 fxe4 20.fxe4 Qc4 21.Qxc4 Rxc4 22.Nd2 Rc6
23.Rf1 Rfc8 24.c3 Nf8 25.Kc2 Ne6 26.Nf3 b5 27.a3 Rc4 28.Nd2 R4c6 29.Nf3 Rc4
30.Nd2 R4c6 31.Nf3 Rc4 32.Nd2  1/2-1/2

[Event "ch-ChessClub A"]
[Site "Reykjavik ISL"]
[Date "2009.10.09"]
[Round "7"]
[White "Bjornsson,Si"]
[Black "Edvardsson,K"]
[Result "1-0"]
[WhiteElo "2287"]
[BlackElo "2255"]

1.e4 c5 2.Nf3 d6 3.d4 cxd4 4.Nxd4 Nf6 5.Nc3 a6 6.Be3 Ng4 7.Bc1 Nf6 8.f3 e6
9.Be3 Nbd7 10.g4 h6 11.Qd2 b5 12.h4 Bb7 13.O-O-O b4 14.Na4 Qa5 15.b3 Nc5
16.a3 Rc8 17.Qxb4 Qc7 18.Nxc5 dxc5 19.Qa4+ Nd7 20.Ne2 Bc6 21.Qxa6 Ra8 22.Qd3 Rxa3
23.Nc3 Be7 24.Nb5 Ra1+ 25.Kd2 Bxb5 26.Qxb5 Ra5 27.Qe2 Ra2 28.Ke1 O-O 29.Bg2 Ne5
30.f4 Ng6 31.e5 Bxh4+ 32.Kf1 f5 33.Qc4 fxg4 34.Qxe6+ Kh8 35.Qxg6 Qxe5 36.Rxh4 Rxf4+
37.Bxf4 Qxf4+ 38.Kg1 Ra8 39.Bxa8 Qg3+ 40.Bg2  1-0

[Event "IV Open"]
[Site "Bogota COL"]
[Date "2009.10.31"]
[Round "4"]
[White "Camargo,S"]
[Black "Rodriguez Rueda,P"]
[Result "1/2-1/2"]
[WhiteElo "2050"]
[BlackElo "2009"]

1.e4 c5 2.Nf3 d6 3.d4 cxd4 4.Nxd4 Nf6 5.Nc3 a6 6.f3 e6 7.Be3 b5 8.Qd2 Bb7
9.O-O-O Nbd7 10.g4 h6 11.h4 b4 12.Nce2 d5 13.exd5 Nxd5 14.Nf4 Ne5 15.Rh3 Qd7
16.Rg3 Rd8 17.Nxd5 Qxd5 18.Kb1 Bc5 19.f4 Nf3 20.Rxf3 Bxd4 21.Rh3 Bxe3 22.Qxd5 Bxd5
23.Rxe3 Bxa2+ 24.Kc1 Rxd1+ 25.Kxd1 Bd5 26.Bxa6 Ke7 27.Kd2 Ra8 28.Bd3 Ra2
29.Kc1 Ra1+ 30.Kd2 Rh1 31.h5 Rg1 32.Be2 Kd6 33.c4 bxc3+ 34.Rxc3 Ra1  1/2-1/2

[Event "IV Open"]
[Site "Bogota COL"]
[Date "2009.11.02"]
[Round "9"]
[White "Sanchez L,S"]
[Black "Guerrero Fandino,G"]
[Result "1-0"]
[WhiteElo "2170"]
[BlackElo "2143"]

1.e4 c5 2.Nf3 d6 3.d4 cxd4 4.Nxd4 Nf6 5.Nc3 a6 6.f3 e5 7.Nb3 Be6 8.Be3 b5
9.Nd5 Bxd5 10.exd5 Nbd7 11.a4 b4 12.Qd2 Nb6 13.Bxb6 Qxb6 14.a5 Qb7 15.Bc4 Be7
16.Ra4 Rb8 17.Qd3 Ra8 18.Qd2 Rb8 19.Nc1 Bd8 20.Na2 O-O 21.Nxb4 Bxa5 22.Rxa5 Qxb4
23.Qxb4 Rxb4 24.b3 Rb6 25.Kd2 g5 26.Rha1 Ra8 27.c3 e4 28.b4 exf3 29.gxf3 g4
30.fxg4 Rc8 31.Bd3 h6 32.h3 Re8 33.Rxa6 Nxd5 34.Rxb6 Nxb6 35.Ra6 Rb8 36.c4 h5
37.Kc3 hxg4 38.hxg4 Kf8 39.Kd4 Ke7 40.Bf5 Nc8 41.g5 Kd8 42.Bxc8 Kxc8 43.b5 Kd7
44.Kd5 Rg8 45.Ra7+  1-0

[Event "3rd Asian Indoor Team Rapid Prelim"]
[Site "Ha Long City VIE"]
[Date "2009.11.06"]
[Round "7"]
[White "Ahmad,Az"]
[Black "Ghaem Maghami,E"]
[Result "1/2-1/2"]
[WhiteElo "2393"]
[BlackElo "2603"]

1.e4 c5 2.Nf3 d6 3.d4 cxd4 4.Nxd4 Nf6 5.Nc3 a6 6.f3 e5 7.Nb3 Be7 8.Be3 Be6
9.Qd2 O-O 10.O-O-O a5 11.Kb1 a4 12.Nc1 a3 13.b3 Nc6 14.Nd5 Bxd5 15.exd5 Nb8
16.Qb4 Qc7 17.c4 Rc8 18.Ne2 Na6 19.Qb5 Bd8 20.Nc3 Qe7 21.Na4 Nd7 22.Bd3 g6
23.h4 Nc7 24.Qb4 b5 25.cxb5 Nxd5 26.Qd2 Nxe3 27.Qxe3 d5 28.Bc2 d4 29.Qd2 Rxa4
30.bxa4 Rc3 31.Ka1 Ba5 32.h5 Qc5 33.Bb3  1/2-1/2

[Event "National Chess Congress"]
[Site "Philadelphia USA"]
[Date "2009.11.28"]
[Round "3"]
[White "Korley,K"]
[Black "Zaikov,O"]
[Result "1-0"]
[WhiteElo "2143"]
[BlackElo "2385"]

1.e4 c5 2.Nf3 d6 3.d4 cxd4 4.Nxd4 Nf6 5.Nc3 a6 6.f3 e6 7.Be3 b5 8.Qd2 Bb7
9.g4 Nfd7 10.O-O-O Nb6 11.Kb1 N8d7 12.Qf2 Rc8 13.Nce2 Qc7 14.Ng3 d5 15.e5 Na4
16.f4 Bc5 17.Bd3 O-O 18.Nh5 Nxb2 19.Bxh7+ Kh8 20.Qh4 Rfe8 21.g5 Nf8 22.Nf6 gxf6
23.Be4+ Kg8 24.gxf6 Ng6 25.Bxg6 fxg6 26.Rdg1 Qh7 27.Qxh7+ Kxh7 28.Kxb2 Bxd4+
29.Bxd4 Rc4 30.h4 Rxd4 31.h5 g5 32.fxg5 Rb4+ 33.Kc1 d4 34.g6+ Kh6 35.f7 Rc8
36.g7 Rxc2+ 37.Kxc2 Be4+ 38.Kd2 Rb2+ 39.Ke1 Rb1+ 40.Kf2 Rb2+ 41.Kg3  1-0

[Event "Vasylyshyn Mem w"]
[Site "Lviv UKR"]
[Date "2009.12.02"]
[Round "8"]
[White "Chulivska,V"]
[Black "Ivakhinova,I"]
[Result "0-1"]
[WhiteElo "2290"]
[BlackElo "2249"]

1.e4 c5 2.Nf3 d6 3.d4 cxd4 4.Nxd4 Nf6 5.Nc3 a6 6.f3 e5 7.Nb3 Be6 8.Be3 Be7
9.Nd5 Nxd5 10.exd5 Bf5 11.Qd2 Nd7 12.O-O-O Rc8 13.c3 b5 14.g4 Bg6 15.h4 h6
16.Qf2 O-O 17.f4 exf4 18.Bxf4 Nc5 19.Nxc5 Rxc5 20.Be3 Rc8 21.Bb6 Qd7 22.Bh3 b4
23.g5 Qa4 24.Bxc8 Rxc8 25.Bd4 Qxa2 26.Rh3 Qa1+ 27.Kd2 Qxb2+ 28.Ke1 Qxf2+
29.Kxf2 b3 30.c4 Bc2 31.Rg1 Rxc4 32.Ba1 Bd8 33.Rgg3 h5 34.Rc3 Bb6+ 35.Kf1 Ra4
36.Rc8+ Kh7 37.Bc3 Bd4 38.Rb8 Rc4 39.Bxd4 Rxd4 40.Rhxb3 Bxb3 41.Rxb3 Rxd5
42.Kg2 a5 43.Rb6 Rd4 44.Kg3 Kg6 45.Ra6 a4 46.Ra7 Rg4+ 47.Kh3 f6 48.gxf6 Kxf6
49.Ra5 g6 50.Ra6 Ke6 51.Ra5 Kd7 52.Ra7+ Kc6 53.Ra6+ Kc5  0-1

[Event "FSIM December"]
[Site "Budapest HUN"]
[Date "2009.12.11"]
[Round "7"]
[White "Denisov,I"]
[Black "Chan,Mark"]
[Result "1-0"]
[WhiteElo "2241"]
[BlackElo "2286"]

1.e4 c5 2.Nf3 d6 3.d4 cxd4 4.Nxd4 Nf6 5.Nc3 a6 6.f3 e5 7.Nb3 Be7 8.Be3 Be6
9.Qd2 Qc7 10.g4 h6 11.O-O-O Nbd7 12.h4 O-O-O 13.Qf2 Kb8 14.Kb1 Nc5 15.Bh3 Qc6
16.Qg3 Na4 17.Nxa4 Qxa4 18.Rd2 Nd7 19.g5 hxg5 20.hxg5 g6 21.Rhh2 Bxh3 22.Rxh3 Qc4
23.Rdh2 Qf1+ 24.Nc1 Rxh3 25.Rxh3 Nf8 26.b3 Rc8 27.Kb2 Bd8 28.c3 Ba5 29.b4 Qc4
30.Qe1 Bd8 31.Qd2 Qf1 32.Rg3 Be7 33.Nd3 Ne6 34.f4 exf4 35.Nxf4 Nxf4 36.Bxf4 Rc6
37.Rd3 Qh1 38.Qe3 Qg2+ 39.Rd2 Qg4 40.e5 Qe6 41.Qg3 d5 42.Qf3 Rc4 43.Qf2 Ka8
44.Rd4 Rxd4 45.Qxd4 Qg4 46.e6 Qxe6 47.Qh8+ Ka7 48.Bc7 Qe2+ 49.Ka3 a5 50.Qb8+ Ka6
51.Qa8+ Kb5 52.Qxb7+  1-0

[Event "Tata Steel TCh-Asia w"]
[Site "Kolkata IND"]
[Date "2009.12.26"]
[Round "5"]
[White "Dewi,A"]
[Black "Padmini,R"]
[Result "0-1"]
[WhiteElo "1938"]
[BlackElo "2333"]

1.e4 c5 2.Nf3 d6 3.d4 cxd4 4.Nxd4 Nf6 5.Nc3 a6 6.f3 e5 7.Nb3 Be7 8.Be3 Be6
9.Qd2 O-O 10.O-O-O a5 11.Kb1 a4 12.Nc1 a3 13.b3 Ra5 14.g4 d5 15.g5 Nxe4 16.Nxe4 dxe4
17.Qxd8 Bxd8 18.fxe4 Nc6 19.h4 Be7 20.Be2 Rc8 21.c3 Raa8 22.Nd3 Na7 23.c4 Nc6
24.Nc5 Bxc5 25.Bxc5 Na5 26.Bd6 Nc6 27.Bc5 Na5 28.Be3 Kf8 29.h5 g6 30.hxg6 hxg6
31.Rh8+ Kg7 32.Rxc8 Rxc8 33.Bc1 Nc6 34.Bxa3 Nd4 35.Bd3 Re8 36.Bd6 Bg4 37.Rg1 Bf3
38.Rg3 Be2 39.Bxe2 Nxe2 40.Rf3 Nf4 41.a4 f6 42.gxf6+ Kxf6 43.Kc2 g5 44.Bb4 g4
45.Rg3 Kg5 46.Bd2 Rh8 47.c5 Rh3 48.Rg1 g3 49.a5 Kg4 50.c6 bxc6 51.a6 Rh8
52.a7 Ra8 53.Be3 Kf3 54.Bb6 g2 55.Rd1 Ne2 56.Kd3 Nd4 57.Bxd4 exd4 58.Ra1 c5
59.e5 Kf4 60.Rg1 Kg3 61.Ra1 Kh2 62.Ra2 Kh1  0-1

[Event "59th ch-RUS w"]
[Site "Moscow RUS"]
[Date "2009.12.26"]
[Round "6"]
[White "Manakova,M"]
[Black "Bodnaruk,A"]
[Result "0-1"]
[WhiteElo "2344"]
[BlackElo "2372"]

1.e4 c5 2.Nf3 d6 3.d4 cxd4 4.Nxd4 Nf6 5.Nc3 a6 6.f3 e5 7.Nb3 Be6 8.Be3 Nbd7
9.Qd2 b5 10.O-O-O Be7 11.g4 b4 12.Na4 O-O 13.g5 Nh5 14.Kb1 Rb8 15.Rg1 Qc7
16.Nc1 Rfd8 17.Qf2 Qc6 18.b3 Nc5 19.Nxc5 dxc5 20.Bc4 Bxc4 21.bxc4 Rd4 22.Bxd4 cxd4
23.Nd3 Qc7 24.Rg4 g6 25.h4 Bd6 26.f4 f5 27.exf5 e4 28.Ne5 gxf5 29.Rgg1 Bxe5
30.fxe5 Qxe5 31.g6 e3 32.gxh7+ Kxh7 33.Qf3 Nf4 34.Rg5 e2 35.Rh5+ Kg7 36.Qg3+ Ng6
37.Qxe5+ Nxe5 38.Re1 Nf3 39.Rxe2 Kg6 40.Rg5+ Nxg5 41.Rg2 Rh8 42.hxg5 f4 43.c5 Rc8
44.Rg4 Kf5 45.Rg1 f3 46.g6 Kf4 47.g7 f2 48.Rh1 Rg8 49.Kb2 Rxg7 50.Rh8 Rf7
51.c6 Ke3 52.c7 Rxc7 53.Re8+ Kd2 54.Rf8 Rxc2+ 55.Kb3 Rc3+ 56.Kxb4 Ke2  0-1

[Event "85th Masters"]
[Site "Hastings ENG"]
[Date "2009.12.29"]
[Round "2"]
[White "Franklin,S"]
[Black "Zdebskaja,N"]
[Result "1/2-1/2"]
[WhiteElo "2139"]
[BlackElo "2408"]

1.e4 c5 2.Nf3 d6 3.d4 Nf6 4.Nc3 cxd4 5.Nxd4 a6 6.f3 e5 7.Nb3 Be6 8.Be3 h5
9.Qd2 Nbd7 10.a4 Be7 11.Be2 Rc8 12.a5 O-O 13.O-O Qc7 14.Rac1 Nc5 15.Nd5 Bxd5
16.exd5 Nxb3 17.cxb3 Qd7 18.Rc4 h4 19.Rfc1 h3 20.g3 Rxc4 21.bxc4 Rc8 22.b4 Bd8
23.Rd1 Qa4 24.Rc1 Qd7 25.Qd1 Rb8 26.Ba7 Ra8 27.Bf2 Rb8 28.Ba7 Ra8 29.Bf2 Rb8
30.Ba7  1/2-1/2

[Event "Christamas Open Masters"]
[Site "Zurich SUI"]
[Date "2009.12.30"]
[Round "7"]
[White "Antognini,F"]
[Black "Klauser,M"]
[Result "1-0"]
[WhiteElo "2251"]
[BlackElo "2381"]

1.e4 c5 2.Nf3 d6 3.d4 cxd4 4.Nxd4 Nf6 5.Nc3 a6 6.f3 e6 7.Be3 b5 8.Qd2 Nbd7
9.g4 Nb6 10.g5 Nfd7 11.b3 Bb7 12.O-O-O Rc8 13.Bh3 Qc7 14.Nce2 Nc5 15.Nf4 e5
16.Bxc8 Nxc8 17.Nd5 Bxd5 18.exd5 exd4 19.Bxd4 Ne7 20.Rhe1 Kd8 21.Bxc5 Qxc5
22.Qa5+ Kd7 23.Qxa6 Nxd5 24.Rxd5 Qxd5 25.Qa7+ Kd8 26.Qb8+ Kd7 27.Re8 Qxg5+
28.Kb2 Qc5 29.Qd8+ Kc6 30.Qc8+ Kb6 31.Qb8+ Ka6 32.Qa8+ Qa7 33.Qc6+ Ka5 34.b4+ Kxb4
35.Qc3+  1-0

[Event "85th Masters"]
[Site "Hastings ENG"]
[Date "2009.12.31"]
[Round "4"]
[White "Green,An"]
[Black "Zdebskaja,N"]
[Result "1/2-1/2"]
[WhiteElo "2151"]
[BlackElo "2408"]

1.e4 c5 2.Nf3 d6 3.d4 cxd4 4.Nxd4 Nf6 5.Nc3 a6 6.f3 Qb6 7.Nb3 e6 8.Bg5 Be7
9.Qd2 Nbd7 10.O-O-O O-O 11.g4 Qc7 12.Be3 Ne5 13.g5 Nfd7 14.f4 Nc4 15.Bxc4 Qxc4
16.Qg2 b5 17.f5 Rd8 18.Rhf1 Qc7 19.Ne2 exf5 20.Nbd4 Ne5 21.Nxf5 Bxf5 22.exf5 Qc4
23.Kb1 Qg4 24.Qxg4 Nxg4 25.Bf4 b4 26.Rd5 Ne5 27.Nd4 Rac8 28.Rd1 Rc5 29.Nb3 Rxd5
30.Rxd5 Nf3 31.Na5 Bxg5 32.Rxd6 Nd2+ 33.Ka1 Re8 34.Bxd2 Bxd2 35.a3 Bf4 36.Rd4 Bxh2  1/2-1/2

[Event "ch-POL"]
[Site "Warsaw POL"]
[Date "2010.01.17"]
[Round "9"]
[White "Heberla,B"]
[Black "Mista,A"]
[Result "1/2-1/2"]
[WhiteElo "2516"]
[BlackElo "2563"]

1.e4 c5 2.Nf3 d6 3.d4 cxd4 4.Nxd4 Nf6 5.Nc3 a6 6.f3 e5 7.Nb3 Be6 8.Be3 Be7
9.Qd2 O-O 10.O-O-O Nbd7 11.g4 b5 12.g5 b4 13.Ne2 Ne8 14.f4 a5 15.f5 a4 16.fxe6 axb3
17.exf7+ Rxf7 18.cxb3 Rxa2 19.Ng3 Rxf1 20.Rhxf1 Ra1+ 21.Kc2 Qc8+ 22.Kd3 Qa6+
23.Kc2 Qc6+ 24.Kd3 Qb5+ 25.Kc2 Qc6+ 26.Kd3 Qa6+  1/2-1/2

[Event "2nd Chennai Open"]
[Site "Chennai IND"]
[Date "2010.01.25"]
[Round "1"]
[White "Hari Prabhu,S"]
[Black "Udeshi,A"]
[Result "0-1"]
[WhiteElo "1745"]
[BlackElo "2327"]

1.e4 c5 2.Nf3 d6 3.d4 cxd4 4.Nxd4 Nf6 5.Nc3 a6 6.f3 e5 7.Nb3 Be7 8.Bg5 O-O
9.Bxf6 Bxf6 10.Be2 Nc6 11.O-O Be6 12.Nd5 Bg5 13.Nd2 Bxd5 14.exd5 Ne7 15.Nb3 Nf5
16.Qd3 Qf6 17.Nd2 Be3+ 18.Kh1 Ng3+  0-1

[Event "2nd Chennai Open"]
[Site "Chennai IND"]
[Date "2010.01.25"]
[Round "1"]
[White "Ponkshe,S"]
[Black "Suvrajit,S"]
[Result "0-1"]
[WhiteElo "1757"]
[BlackElo "2343"]

1.e4 c5 2.Nf3 d6 3.d4 cxd4 4.Nxd4 Nf6 5.Nc3 a6 6.f3 e5 7.Nb3 Be6 8.Be3 Be7
9.Qd2 O-O 10.O-O-O Nbd7 11.g4 Rc8 12.Kb1 Nb6 13.g5 Nh5 14.Nd5 Nxd5 15.exd5 Bf5
16.Bd3 Bxd3 17.Qxd3 Bxg5 18.Bxg5 Qxg5 19.Rdg1 Qf6 20.Nd2 Nf4 21.Ne4 Qe7 22.Qa3 Rfd8
23.Qb3 b5 24.Rg3 Rc4 25.Rhg1 g6 26.Nc3 Rdc8 27.Rd1 Rxc3 28.bxc3 Ne2 29.Kb2 Nxg3
30.hxg3 Rc4 31.Re1 Qb7 32.Rd1 Qb6 33.Rd3 a5 34.a3 Qc5 35.Kb1 b4 36.cxb4 axb4
37.a4 f5 38.Kb2 e4 39.fxe4 fxe4 40.Rd1 Rc3  0-1

[Event "8th Gibtelecom Masters"]
[Site "Caleta ENG"]
[Date "2010.01.29"]
[Round "4"]
[White "Perez Reisler,J"]
[Black "Tate,A"]
[Result "0-1"]
[WhiteElo "2001"]
[BlackElo "2210"]

1.e4 c5 2.Nf3 d6 3.d4 Nf6 4.Nc3 cxd4 5.Nxd4 a6 6.f3 e5 7.Nb3 Be6 8.Be3 h5
9.Qd2 Nbd7 10.Bd3 Rc8 11.O-O-O b5 12.h3 h4 13.f4 Qc7 14.Kb1 Be7 15.f5 Bc4
16.Bg5 Nb6 17.Rc1 b4 18.Nd5 Nfxd5 19.exd5 f6 20.Be3 Nxd5 21.Bf2 O-O 22.Bxh4 a5
23.Bxc4 Qxc4 24.Nxa5 Qb5 25.Nb3 Nc3+ 26.bxc3 bxc3 27.Qd3 Qa4 28.Qd5+ Kh8
29.Qa5 Qxh4 30.Rhd1 Qc4 31.Rd3 Ra8 32.Qxc3 Qa4 33.Qb2 d5 34.Re1 Ba3 35.Qa1 Rfc8
36.Re2 Qf4 37.Rf3 Qc4 38.Ref2 Bb4 39.Kc1 Qe4  0-1

[Event "8th Gibtelecom Masters"]
[Site "Caleta ENG"]
[Date "2010.01.30"]
[Round "5"]
[White "Kawuma,S"]
[Black "Steinskog,A"]
[Result "1-0"]
[WhiteElo "2187"]
[BlackElo "1884"]

1.e4 c5 2.Nf3 d6 3.d4 cxd4 4.Nxd4 Nf6 5.Nc3 a6 6.f3 e6 7.Be3 b5 8.Qd2 Bb7
9.g4 h6 10.O-O-O Nbd7 11.h4 b4 12.Nce2 d5 13.Rg1 dxe4 14.g5 exf3 15.gxf6 fxe2
16.Qxe2 Qxf6 17.Bg2 Bxg2 18.Qxg2 Rb8 19.Rgf1 Qxh4 20.Nxe6 g5 21.Qc6  1-0

[Event "ch-ROU m"]
[Site "Baile Olanesti ROU"]
[Date "2010.02.02"]
[Round "3"]
[White "Bida,M"]
[Black "Hajbok,R"]
[Result "1/2-1/2"]
[WhiteElo "2034"]
[BlackElo "2295"]

1.e4 c5 2.Nf3 d6 3.d4 cxd4 4.Nxd4 Nf6 5.Nc3 a6 6.f3 e5 7.Nb3 Be6 8.Be3 Be7
9.Qd2 O-O 10.O-O-O Nbd7 11.g4 b5 12.g5 b4 13.Ne2 Ne8 14.f4 a5 15.f5 a4 16.Nbd4 exd4
17.Nxd4 b3 18.Kb1 bxc2+ 19.Nxc2 Bxa2+ 20.Kxa2 Ne5 21.h4 Qb8 22.Nd4 Bd8 23.h5 Bb6
24.Rh3 d5 25.Bf4 dxe4 26.Nc6 Nxc6 27.Bxb8 Rxb8 28.Qc3 Rc8 29.Ka1 Rc7 30.h6 Nd4
31.Qg3 Nxf5 32.Qe5 g6 33.Qxe4 Ned6 34.Qf4 Bc5 35.Rhd3 Re8 36.Rxd6 Nxd6 37.Rxd6 Bxd6
38.Qxd6 Rc1+ 39.Ka2 Rxf1 40.Qd4 Kf8 41.Qb4+ Re7 42.Qd4 Re8 43.Qg7+ Ke7 44.Qxh7 Rf5
45.Qg7 Rxg5 46.Qd4 Rh5 47.Qb4+ Kf6 48.Qxa4 Ree5 49.Qc6+ Kg5 50.Qc1+ Kf6 51.Qf4+  1/2-1/2

[Event "Magistral"]
[Site "Alzira Oliva Alcudia ESP"]
[Date "2010.02.11"]
[Round "3"]
[White "Pena Riasco,A"]
[Black "Abreu Delgado,A"]
[Result "0-1"]
[WhiteElo "2211"]
[BlackElo "2484"]

1.e4 c5 2.Nf3 d6 3.d4 cxd4 4.Nxd4 Nf6 5.Nc3 a6 6.f3 e5 7.Nb3 Be6 8.Be3 h5
9.Qd2 Nbd7 10.O-O-O Be7 11.Kb1 b5 12.h3 h4 13.Bd3 Qc7 14.Rhg1 b4 15.Ne2 a5
16.f4 Nb6 17.g3 Nc4 18.Bxc4 Bxc4 19.gxh4 Nxe4 20.Qe1 Bxh4 21.Qf1 a4 22.Nd2 Bxa2+
23.Kxa2 b3+ 24.Ka1 a3 25.Rc1 axb2+ 26.Kxb2 Ra2+ 27.Kxb3 Qa5 28.Nxe4 Ra3+
29.Kc4 d5+  0-1

[Event "26th Open"]
[Site "Cappelle la Grande FRA"]
[Date "2010.02.14"]
[Round "2"]
[White "Janev,E"]
[Black "Dziuba,M"]
[Result "0-1"]
[WhiteElo "2461"]
[BlackElo "2587"]

1.e4 c5 2.Nf3 d6 3.d4 cxd4 4.Nxd4 Nf6 5.Nc3 a6 6.f3 e5 7.Nb3 Be6 8.Be3 Be7
9.Qd2 O-O 10.Be2 a5 11.Rd1 a4 12.Nc1 a3 13.b3 Nc6 14.Nd5 Bxd5 15.exd5 Nd4
16.Bxd4 exd4 17.Qxd4 Qa5+ 18.b4 Qa4 19.Nb3 Bd8 20.O-O Nd7 21.Kh1 Bb6 22.Qd2 Rfe8
23.c4 Be3 24.Qc3 Rac8 25.Bd3 g6 26.Rfe1 Qa7 27.Bf1 Bf2 28.Rxe8+ Rxe8 29.c5 dxc5
30.d6 Rd8 31.bxc5 Bxc5 32.Bc4 Qb6 33.Nd2 Qxd6 34.Qb3 Ne5 35.Be2 Qb6 36.Qc2 Qb2
37.Qxc5 Rxd2 38.Re1 Rxe2 39.Rd1 Nd3 40.Qc8+ Kg7  0-1

[Event "26th Open"]
[Site "Cappelle la Grande FRA"]
[Date "2010.02.18"]
[Round "7"]
[White "Grandelius,N"]
[Black "Gajewski,G"]
[Result "0-1"]
[WhiteElo "2515"]
[BlackElo "2568"]

1.e4 c5 2.Nf3 d6 3.d4 cxd4 4.Nxd4 Nf6 5.Nc3 a6 6.f3 e5 7.Nb3 Be7 8.Be3 O-O
9.Qd2 Be6 10.O-O-O a5 11.Bb5 Na6 12.Qe2 Qb8 13.g4 Rc8 14.Kb1 Nc7 15.Ba4 Na6
16.Bb6 Rxc3 17.bxc3 Qc8 18.Kb2 Nd7 19.Bxa5 b6 20.Bxd7 Qxd7 21.Bxb6 Qa4 22.Ra1 Nc5
23.Bxc5 dxc5 24.c4 Bxc4 25.Qe3 Qa3+ 26.Kb1 Be6 27.Rd1 c4 28.Qc3 h6 29.h3 Kh7
30.Qb2 Qa7 31.Qxe5 Bf6 32.Qc5 cxb3 33.Qxa7 Rxa7 34.cxb3 Bxb3 35.Rd2 Bc4 36.Rb2 Bd3+
37.Kc1 Rc7+  0-1

[Event "Bundesliga 2009-10"]
[Site "Muelheim GER"]
[Date "2010.02.28"]
[Round "11"]
[White "Schuetze,N"]
[Black "Kaufeld,J"]
[Result "0-1"]
[WhiteElo "2278"]
[BlackElo "2254"]

1.e4 c5 2.Nf3 d6 3.d4 cxd4 4.Nxd4 Nf6 5.Nc3 a6 6.f3 e5 7.Nb3 Be6 8.Be3 Be7
9.Qd2 O-O 10.O-O-O a5 11.Bb5 Na6 12.Kb1 Nc7 13.Bb6 Qc8 14.a4 Nxb5 15.Nxb5 Qc4
16.Nc7 Qxa4 17.Nxa8 Rxa8 18.Bc7 Ne8 19.Bb6 Qb5 20.Be3 a4 21.Nc1 Nc7 22.f4 a3
23.b3 exf4 24.Bd4 Qa6 25.Ka2 Bg4 26.Rdf1 Ne6 27.Ba1 Qc6 28.g3 Qxe4 29.gxf4 Bf5
30.Nd3 Rc8 31.Rhg1 Bf8 32.Rf2 Nd4 33.Ne1 Nxb3  0-1

[Event "TCh-ISL 2009-10"]
[Site "Rekjavik ISL"]
[Date "2010.03.05"]
[Round "5"]
[White "Grandelius,N"]
[Black "Arnason,J"]
[Result "1-0"]
[WhiteElo "2537"]
[BlackElo "2491"]

1.e4 c5 2.Nf3 d6 3.d4 cxd4 4.Nxd4 Nf6 5.Nc3 a6 6.f3 e6 7.Be3 b5 8.Qd2 Nbd7
9.g4 h6 10.O-O-O Bb7 11.h4 b4 12.Na4 d5 13.Bh3 Qa5 14.b3 Nc5 15.Nxc5 Bxc5
16.a4 O-O-O 17.g5 hxg5 18.hxg5 Nd7 19.exd5 Bxd5 20.g6 f5 21.Nxf5 Rxh3 22.Rxh3 exf5
23.Bg5 Bc6 24.Bxd8 Qxd8 25.Qf4 Qf6 26.Kb1 Ne5 27.Rh5 Nxg6 28.Qxf5+ Qxf5 29.Rxf5 Be7
30.Rf7 Bf6 31.Rd6 Ne5 32.Rfxf6 gxf6 33.f4 Kc7 34.fxe5 fxe5 35.Rh6 Kb6 36.Kc1 Kc5
37.Kd2 Kd5 38.Ke3 Kc5 39.Rh4 Bd5 40.Rh5 e4 41.Re5 a5 42.Rg5  1-0

[Event "81st ch-GER"]
[Site "Bad Liebenzell GER"]
[Date "2010.03.08"]
[Round "4"]
[White "Lubbe,N"]
[Black "Hirneise,T"]
[Result "1/2-1/2"]
[WhiteElo "2353"]
[BlackElo "2438"]

1.e4 c5 2.Nf3 d6 3.d4 cxd4 4.Nxd4 Nf6 5.Nc3 a6 6.f3 e6 7.Be3 b5 8.Qd2 b4
9.Nce2 e5 10.Nb3 a5 11.Rd1 Be7 12.c4 Be6 13.Ng3 O-O 14.Nc1 Nc6 15.b3 Nd7
16.Nf5 Bxf5 17.exf5 Nd4 18.Bxd4 exd4 19.Qxd4 Bf6 20.Qxd6 Be5 21.Qxd7 Bc3+
22.Kf2 Qb6+ 23.c5 Qxc5+ 24.Kg3 Qe5+ 25.Kf2 Qc5+ 26.Kg3 Qe5+ 27.Kh3 Rad8 28.Qxd8 Qxf5+
29.Kg3 Qe5+ 30.Kh4 Qf4+ 31.g4 Be1+ 32.Rxe1 Rxd8 33.Be2 h5 34.Kh3 Rd2 35.Rhf1 hxg4+
36.fxg4 Rd8 37.Rh1 Rd2 38.Rhf1 Qh6+ 39.Kg2 Qc6+ 40.Kg1 Qc5+ 41.Kh1 Rc2 42.Bf3 g6
43.Be4 Rd2 44.Rd1 Qd6 45.Rxd2 Qxd2 46.Bf3 Kg7 47.Kg1 Qe3+ 48.Kg2 Qd2+ 49.Kg3 Qd6+
50.Kg2 Qd2+ 51.Kh1 Kh6 52.h4 Kg7 53.Kg1 Qd8 54.h5 gxh5 55.gxh5 Qg5+ 56.Kf2 Qd2+
57.Be2 Qf4+ 58.Kg2 Qg5+ 59.Kh3 Qe3+ 60.Bf3 Qd2 61.Rg1+ Kh8 62.Rd1 Qe3 63.Kg2 Qg5+
64.Kf1 Qe3 65.Be2 Qh3+ 66.Kf2 Qh2+ 67.Ke3 Qe5+ 68.Kd3 Qc3+ 69.Ke4 Qc6+ 70.Kd4 Qc3+
71.Kd5 Qc2 72.Rf1 Kg7 73.Bc4 f5 74.Kc5 Qe4 75.Kb5 Qe5+ 76.Ka4 Kf6 77.Bb5 Qc7
78.Bd3 f4 79.Ne2 Ke5 80.Nxf4 Qd7+ 81.Bb5 Qd2 82.Rf2 Qc3 83.Nd3+ Kd4 84.h6 Qc7
85.Rf4+ Kd5 86.Rh4 Qc2 87.Kxa5 Qc7+  1/2-1/2